| 000 | 00870nam a2200217Ia 4500 | ||
|---|---|---|---|
| 008 | 241004s9999 xx 000 0 und d | ||
| 020 | _a9789391214128 | ||
| 037 | _aTextbook | ||
| 040 |
_aARTS _bsan _cARTS |
||
| 041 |
_ahin _2san |
||
| 084 |
_aP15:3 152R2 _qARTS |
||
| 100 |
_aकाण्डपाल, सन्तोष कुमार, ले. _9160815 |
||
| 245 |
_aसंस्कृत - व्याकरणशास्त्र प्रवेशिका _cकाण्डपाल, सन्तोष कुमार, ले. |
||
| 260 |
_aभारत _bदिल्ली, शिवालिक प्रकाशन, _c2022 |
||
| 300 | _a181पृ0 | ||
| 365 |
_aINR _b795 |
||
| 546 | _aTranslated from Sanskrit to Hindi | ||
| 650 |
_aSanskrit Language Teaching _9724577 |
||
| 942 |
_cTB _hP15:3 152R2 |
||
| 999 |
_c1218680 _d1218680 |
||